|
|
|
|
| LEADER |
00000nam a2200000 a 4500 |
| 001 |
UCQ8930 |
| 003 |
CL-VaPUC |
| 008 |
981217e19620000JA |||||||||||||||||eng|d |
| 082 |
0 |
4 |
|a 519.5
|b WIL
|2 21
|
| 100 |
0 |
|
|a Wilks, Samuel Stanley
|e author
|9 423255
|
| 245 |
1 |
0 |
|a Mathematical statistics
|
| 300 |
|
|
|a 644 p
|
| 942 |
|
|
|c BK
|
| 945 |
|
|
|d 19981217 00:00:00
|a crobeson
|
| 260 |
|
|
|a Tokio
|b Toppan
|c 1962
|
| 650 |
|
0 |
|a Inferencia estadística
|9 312855
|
| 650 |
|
0 |
|a Análisis estadístico
|9 269506
|
| 650 |
|
0 |
|a Variables
|9 338106
|
| 650 |
|
0 |
|a Matemática
|9 260235
|
| 650 |
|
0 |
|a Análisis
|9 259550
|
| 583 |
|
|
|a last modification
|c 19981217 00:00:00
|k Rodrigo Vera
|
| 999 |
|
|
|c 278095
|d 278093
|
| 952 |
|
|
|0 0
|1 0
|4 0
|6 519_500000000000000_WIL_1962
|7 0
|8 A
|9 316444
|a BIBGIM
|b BIBGIM
|d 2019-11-20
|i 131016K
|o 519.5 WIL 1962
|p 131016K
|r 2025-01-15
|w 2019-11-20
|y BK
|k EST
|